[Event "Hannover-chB"]
[Site "Lehrte"]
[Date "2011.10.17"]
[Round "5"]
[White "Engelking, Michael"]
[Black "Rabinowitsch, Vladimir"]
[Result "1-0"]
[WhiteElo "1789"]
[BlackElo "1718"]
[PlyCount "59"]
[EventDate "2011.10.15"]
[EventType "swiss"]
[EventRounds "7"]
[EventCountry "GER"]
[SourceTitle "EXT 2021"]
[Source "ChessBase"]
[SourceDate "2020.10.23"]
[SourceVersion "1"]
[SourceVersionDate "2020.10.23"]
[SourceQuality "1"]

1. d4 Nf6 2. Nf3 e6 3. c4 b6 4. Nc3 Bb7 5. e3 Be7 6. Be2 0-0 7. 0-0 d6 8. b3 Nbd7 9. Bb2 Ne4 10. Nxe4 Bxe4 11. Bd3 f5 12. Qe2 Bf6 13. Nd2 Bxd3 14. Qxd3 c5 15. Qc2 Qe7 16. Rfe1 Qf7 17. Rad1 Rad8 18. Nb1 g6 19. dxc5 dxc5 20. Bxf6 Nxf6 21. Nc3 a6 22. Re2 Qc7 23. Red2 Rxd2 24. Qxd2 Qc6 25. Qd6 Qxd6 26. Rxd6 Ne4 27. Nxe4 fxe4 28. Rxb6 Rd8 29. g3 Rd1+ 30. Kg2 1-0

[Event "Hannover-chB"]
[Site "Lehrte"]
[Date "2011.10.15"]
[Round "2"]
[White "Rabinowitsch, Vladimir"]
[Black "Sizov, Nikolai"]
[Result "1/2-1/2"]
[WhiteElo "1718"]
[BlackElo "1550"]
[PlyCount "78"]
[EventDate "2011.10.15"]
[EventType "swiss"]
[EventRounds "7"]
[EventCountry "GER"]
[SourceTitle "EXT 2021"]
[Source "ChessBase"]
[SourceDate "2020.10.23"]
[SourceVersion "1"]
[SourceVersionDate "2020.10.23"]
[SourceQuality "1"]

1. d4 d5 2. c4 Nf6 3. Nc3 c6 4. Nf3 e6 5. e3 Be7 6. Qc2 0-0 7. Bd3 dxc4 8. Bxc4 b5 9. Be2 Bb7 10. 0-0 Qc7 11. a3 a5 12. Nxb5 Qb6 13. Nc3 Rd8 14. Na4 Qc7 15. Nc5 Nbd7 16. Nxb7 Qxb7 17. Bd2 c5 18. Bc3 Nd5 19. Rfd1 Nxc3 20. bxc3 cxd4 21. exd4 Rac8 22. Bd3 Nf8 23. Qd2 Bf6 24. Rab1 Qc7 25. Ba6 Ra8 26. Bb5 Rd5 27. c4 Rh5 28. c5 Rd8 29. Qe3 Ng6 30. g3 Ne7 31. Bc4 Qd7 32. Qe4 Qa4 33. Bb3 Qxa3 34. g4 Rh6 35. c6 a4 36. Bc2 Nd5 37. Ra1 Qd6 38. Qd3 Qxc6 39. Bxa4 Qd6 1/2-1/2

[Event "Hannover-ch op"]
[Site "Hannover"]
[Date "2002.10.08"]
[Round "7"]
[White "Rabinowitsch, Vladimir"]
[Black "Josopait, Ingo Volker"]
[Result "0-1"]
[WhiteElo "1918"]
[BlackElo "1693"]
[PlyCount "88"]
[EventDate "2002.10.04"]
[EventType "swiss"]
[EventRounds "7"]
[EventCountry "GER"]
[SourceTitle "EXT 2021"]
[Source "ChessBase"]
[SourceDate "2020.10.23"]
[SourceVersion "1"]
[SourceVersionDate "2020.10.23"]
[SourceQuality "1"]

1. d4 d5 2. Nf3 Nf6 3. c4 e6 4. Bg5 Be7 5. Nc3 0-0 6. e3 h6 7. Bh4 b6 8. Rc1 Bb7 9. Bxf6 Bxf6 10. cxd5 exd5 11. Bd3 Re8 12. 0-0 Nd7 13. b4 c5 14. Nb5 c4 15. Bf5 Nf8 16. Qc2 a6 17. Nc3 b5 18. a4 Bc6 19. Ra1 Qd6 20. Rfb1 Ne6 21. Qb2 bxa4 22. Nxa4 Bxa4 23. Rxa4 Reb8 24. Qd2 Nd8 25. Ne1 Rb5 26. Nc2 Rab8 27. Rba1 R5b6 28. f3 g6 29. Bg4 Qc6 30. Ra5 Be7 31. R5a4 Qb7 32. b5 Rxb5 33. Rxa6 Rb1+ 34. Kf2 Rxa1 35. Rxa1 Qb2 36. Ra7 Nc6 37. Rc7 Rb3 38. Qe2 Nb4 39. Rxe7 Qxc2 40. Qxc2 Nxc2 41. Re5 Nb4 42. f4 Nd3+ 43. Kf1 Nxe5 44. fxe5 Rxe3 0-1

[Event "Hannover-ch op"]
[Site "Hannover"]
[Date "2002.10.07"]
[Round "5"]
[White "Quasigroch, Peter"]
[Black "Rabinowitsch, Vladimir"]
[Result "1/2-1/2"]
[WhiteElo "1602"]
[BlackElo "1918"]
[PlyCount "60"]
[EventDate "2002.10.04"]
[EventType "swiss"]
[EventRounds "7"]
[EventCountry "GER"]
[SourceTitle "EXT 2021"]
[Source "ChessBase"]
[SourceDate "2020.10.23"]
[SourceVersion "1"]
[SourceVersionDate "2020.10.23"]
[SourceQuality "1"]

1. c4 e5 2. Nc3 Nc6 3. Nf3 g6 4. g3 Bg7 5. Bg2 Nge7 6. 0-0 0-0 7. d3 h6 8. a3 d6 9. Rb1 Bg4 10. h3 Be6 11. b4 Qd7 12. Kh2 f5 13. Ng1 d5 14. cxd5 Nxd5 15. Nxd5 Bxd5 16. Bxd5+ Qxd5 17. Qb3 Rad8 18. Qxd5+ Rxd5 19. Bb2 Nd4 20. Rfc1 c6 21. Rc5 Rfd8 22. Kg2 g5 23. Rxd5 Rxd5 24. e4 Rd7 25. Rd1 Rf7 26. g4 fxg4 27. hxg4 Kf8 28. Bxd4 exd4 29. Ne2 Be5 30. Ng3 Bxg3 1/2-1/2